|
|
|
|
| LEADER |
02748nam a22005415i 4500 |
| 001 |
978-3-540-69175-4 |
| 003 |
DE-He213 |
| 005 |
20151204161431.0 |
| 007 |
cr nn 008mamaa |
| 008 |
110215s2006 gw | s |||| 0|eng d |
| 020 |
|
|
|a 9783540691754
|9 978-3-540-69175-4
|
| 024 |
7 |
|
|a 10.1007/11964681
|2 doi
|
| 040 |
|
|
|d GrThAP
|
| 050 |
|
4 |
|a QA76.7-76.73
|
| 050 |
|
4 |
|a QA76.76.C65
|
| 072 |
|
7 |
|a UMX
|2 bicssc
|
| 072 |
|
7 |
|a UMC
|2 bicssc
|
| 072 |
|
7 |
|a COM051010
|2 bisacsh
|
| 072 |
|
7 |
|a COM010000
|2 bisacsh
|
| 082 |
0 |
4 |
|a 005.13
|2 23
|
| 245 |
1 |
0 |
|a Implementation and Application of Functional Languages
|h [electronic resource] :
|b 17th International Workshop, IFL 2005, Dublin, Ireland, September 19-21, 2005, Revised Selected Papers /
|c edited by Andrew Butterfield, Clemens Grelck, Frank Huch.
|
| 264 |
|
1 |
|a Berlin, Heidelberg :
|b Springer Berlin Heidelberg,
|c 2006.
|
| 300 |
|
|
|a IX, 231 p.
|b online resource.
|
| 336 |
|
|
|a text
|b txt
|2 rdacontent
|
| 337 |
|
|
|a computer
|b c
|2 rdamedia
|
| 338 |
|
|
|a online resource
|b cr
|2 rdacarrier
|
| 347 |
|
|
|a text file
|b PDF
|2 rda
|
| 490 |
1 |
|
|a Lecture Notes in Computer Science,
|x 0302-9743 ;
|v 4015
|
| 505 |
0 |
|
|a Contributions -- A Framework for Point-Free Program Transformation -- Encoding Strategies in the Lambda Calculus with Interaction Nets -- Proof Tool Support for Explicit Strictness -- A Rational Deconstruction of Landin’s J Operator -- A Dependently Typed Framework for Static Analysis of Program Execution Costs -- Accurate Step Counting -- The Implementation of iData -- A High-Level Implementation of Composable Memory Transactions in Concurrent Haskell -- Polytypic Syntax Tree Operations -- Implementing a Numerical Solution of the KPI Equation Using Single Assignment C: Lessons and Experiences -- With-Loop Fusion for Data Locality and Parallelism -- A Document-Centered Environment for Haskell -- A Binding Scope Analysis for Generic Programs on Arrays.
|
| 650 |
|
0 |
|a Computer science.
|
| 650 |
|
0 |
|a Computer programming.
|
| 650 |
|
0 |
|a Programming languages (Electronic computers).
|
| 650 |
|
0 |
|a Computer logic.
|
| 650 |
1 |
4 |
|a Computer Science.
|
| 650 |
2 |
4 |
|a Programming Languages, Compilers, Interpreters.
|
| 650 |
2 |
4 |
|a Programming Techniques.
|
| 650 |
2 |
4 |
|a Logics and Meanings of Programs.
|
| 700 |
1 |
|
|a Butterfield, Andrew.
|e editor.
|
| 700 |
1 |
|
|a Grelck, Clemens.
|e editor.
|
| 700 |
1 |
|
|a Huch, Frank.
|e editor.
|
| 710 |
2 |
|
|a SpringerLink (Online service)
|
| 773 |
0 |
|
|t Springer eBooks
|
| 776 |
0 |
8 |
|i Printed edition:
|z 9783540691747
|
| 830 |
|
0 |
|a Lecture Notes in Computer Science,
|x 0302-9743 ;
|v 4015
|
| 856 |
4 |
0 |
|u http://dx.doi.org/10.1007/11964681
|z Full Text via HEAL-Link
|
| 912 |
|
|
|a ZDB-2-SCS
|
| 912 |
|
|
|a ZDB-2-LNC
|
| 950 |
|
|
|a Computer Science (Springer-11645)
|